• 首页
  • 本馆介绍
  • 公告通知
  • 最新文献
  • 馆藏检索
  • 电子资源
  • 读者导购
  • 参考咨询
  • 我的图书馆
  • 登录
  • 详细信息显示
  • 放入我的书架
  • 预约/预借图书
  • 作者相关作品
  • 分类相关作品
  • 丛书相关作品
  • 出版社相关作品

书目信息

  • 表格格式
  • 工作单格式
  • 卡片格式
题名:
农业环境污染事故诊断技术指南
    
 
作者: 李玉浸 , 段武德 主编
分册:  
出版信息: 北京   化学工业出版社  2009
页数: 232页
开本: 24cm
丛书名:
单 册:
中图分类: X71
科图分类:
主题词: 农业环境--环境污染--污染防治 , 农业环境 , 环境污染 , 污染防治
电子资源:
ISBN: 978-7-122-03411-3
000 01076nam0 2200265 45
005 20100303144149.21
010    @a978-7-122-03411-3@dCNY48.00
100    @a20100121d2009 ekmy0chiy0120 ea
101 0  @achi
102    @aCN@b110000
105    @ay z 000yy
106    @ar
200 1  @a农业环境污染事故诊断技术指南@ANong Ye Huan Jing Wu Ran Shi Gu Zhen Duan Ji Shu Zhi Nan@f李玉浸,段武德主编@FLi Yu Jin, Duan Wu De Zhu Bian
210    @a北京@c化学工业出版社@d2009
215    @a232页@d24cm
330    @a本书界定了农业环境污染事故的诸多概念,用案例说明了调查处理程序,分章节阐述了水污染事故、大气污染事故、固体废物污染事故、农用化学物质危害事故以及噪声、恶臭、放射性、电磁辐射等事故的调查诊断技术,介绍了农业环境污染事故与病虫害、营养元素失调的区分,以及农业环境污染事故经济损失的估算。
606 0  @a农业环境@x环境污染@x污染防治
606 0  @a农业环境
606 0  @a环境污染
606 0  @a污染防治
690    @aX71@v4
701  0 @a李玉浸@ALi Yu Jin@4主编
701  0 @a段武德@ADuan Wu De@4主编
801  0 @aCN@bTANGWEI@c20100303
905    @b0585262-66@dX71@e144@f5
    
    农业环境污染事故诊断技术指南/李玉浸,段武德主编.-北京:化学工业出版社,2009
    232页;24cm
    
    
    ISBN 978-7-122-03411-3:CNY48.00
    本书界定了农业环境污染事故的诸多概念,用案例说明了调查处理程序,分章节阐述了水污染事故、大气污染事故、固体废物污染事故、农用化学物质危害事故以及噪声、恶臭、放射性、电磁辐射等事故的调查诊断技术,介绍了农业环境污染事故与病虫害、营养元素失调的区分,以及农业环境污染事故经济损失的估算。
●
相关链接 在E读中查询图书 在五车中查询图书 在当当中查询图书 在豆瓣中查询图书


正题名:农业环境污染事故诊断技术指南     索取号:X71/144         预约/预借

序号 登录号 条形码 馆藏地/架位号 状态 备注
1 0585262   205852629   第二样本阅览室/ [索取号:X71/144] 在馆    
2 0585263   205852638   第三借阅区/ [索取号:X71/144] 在馆    
3 0585264   205852647   第三借阅区/ [索取号:X71/144] 在馆    
4 0585265   205852656   第三借阅区/ [索取号:X71/144] 在馆    
5 0585266   205852665   第三借阅区/ [索取号:X71/144] 在馆    
唐山师范学院图书馆 欢迎您!
大连网信软件有限公司© 版权所有